Statistics for Flags with weapons on them

Click here to take the quiz!

General Stats

  • This quiz has been taken 48 times
    (13 since last reset)
  • The average score is 3 of 13

Answer Stats

Answer% Correct
Mozambique (Rifle)
91%
Saudi Arabia (Sword)
64%
Angola (Machete)
45%
Eswatini (Spear)
27%
Kenya (Spear)
27%
Oman (Sword)
27%
Haiti (Cannon)
18%
Iran (Sword)
18%
Barbados (Trident)
9%
Bolivia (Cannon)
9%
Equatorial Guinea (Sword)
0%
Malta (Dagger)
0%
Sri Lanka (Sword)
0%

Score Distribution

Percentile by Number Answered

Percent of People with Each Score

Your Score History

You have not taken this quiz since the last reset